Library Banner

An introduction to medical statistics / (Record no. 119255)

MARC details
000 -LEADER
fixed length control field 00618cam a2200217 i 4500
001 - CONTROL NUMBER
control field 18407936
005 - DATE AND TIME OF LATEST TRANSACTION
control field 20201017102603.0
008 - FIXED-LENGTH DATA ELEMENTS--GENERAL INFORMATION
fixed length control field 141216s2015 enka b 001 0 eng
020 ## - INTERNATIONAL STANDARD BOOK NUMBER
International Standard Book Number 9780199589920
020 ## - INTERNATIONAL STANDARD BOOK NUMBER
International Standard Book Number 0199589925
040 ## - CATALOGING SOURCE
Transcribing agency PK-LaUMT
082 00 - DEWEY DECIMAL CLASSIFICATION NUMBER
Classification number 610.15195
Edition number 23
Item number BLA-I
100 1# - MAIN ENTRY--PERSONAL NAME
Personal name Bland, Martin
245 13 - TITLE STATEMENT
Title An introduction to medical statistics /
Statement of responsibility, etc by Martin Bland
250 ## - EDITION STATEMENT
Edition statement 4th ed.
260 ## - PUBLICATION, DISTRIBUTION, ETC. (IMPRINT)
Place of publication, distribution, etc Oxford :
Name of publisher, distributor, etc Oxford University Press,
Date of publication, distribution, etc 2015
300 ## - PHYSICAL DESCRIPTION
Extent xviii, 427 p. :
Other physical details illustrations ;
Dimensions 25 cm
490 0# - SERIES STATEMENT
Series statement Oxford medical publications
650 #0 - SUBJECT ADDED ENTRY--TOPICAL TERM
Topical term or geographic name as entry element Medical statistics.
942 ## - ADDED ENTRY ELEMENTS (KOHA)
Koha item type Books
Holdings
Withdrawn status Lost status Damaged status Home library Current library Date acquired Full call number Barcode Date last seen Price effective from Koha item type
      UMT Main Campus UMT Main Campus 2020-10-17 610.15195 BLA-I 134823 2022-11-18 2020-10-17 Books